000 00329nam a22001337a 4500
008 190205b xxu||||| |||| 00| 0 eng d
020 _a9780077460389
041 _aeng
080 _24th
_a615
100 _a5
101 _aFAR
245 _aMath & Dosage Calculations for healthcare professionals
_cBooth,K.A
942 _2udc
_cBK
999 _c54042
_d54042